Statistics for All Countries to Have Won Points in the Alpine Ski World Cup

Click here to take the quiz!

General Stats

  • This quiz has been taken 216 times
  • The average score is 41 of 46

Answers on the Map

Answers color-coded by a green-red scale on the quiz's map according to % correct below.
 

Answer Stats

#PointsCountry% Correct
1372,211Austria
99%
1056,023Canada
99%
1317,482Finland
99%
4146,858France
99%
6121,079Germany
99%
3178,815Italy
99%
7109,579Norway
99%
893,919Sweden
99%
2210,357Switzerland
99%
213,369United Kingdom
99%
5123,123United States
99%
26985Poland
98%
167,069Russia
98%
186,070Spain
98%
241,192Australia
97%
195,062Japan
97%
959,018Slovenia
96%
32173Belgium
95%
1120,683Croatia
95%
158,007Czech Republic
95%
467Denmark
95%
3759Netherlands
95%
149,100Slovakia
95%
27692Bulgaria
93%
29320Iceland
93%
222,837New Zealand
93%
30248Serbia
93%
28630Hungary
92%
477Ireland
92%
4314Latvia
92%
459Romania
92%
482Bosnia and Herzegovina
90%
4036Argentina
89%
3946Mexico
89%
491Chile
88%
176,634Luxembourg
88%
1218,351Liechtenstein
87%
3848South Korea
86%
4411Belarus
84%
33135Andorra
73%
31200Moldova
71%
34116Monaco
64%
3570Iran
60%
4216San Marino
60%
4121Bolivia
56%
3662Grenada
11%

Score Distribution

Percentile by Number Answered

Percent of People with Each Score

Your Score History

You have not taken this quiz